Guess the language and Words - #02 - Statistics

General Stats
  • This quiz has been taken 10 times
  • The average score is 3 of 20
Answer Stats
Hint Answer % Correct
In english Chinese
56%
Yes Hao
44%
You Ni
44%
Hello Nihao
44%
Capital City Beijing
33%
And He
22%
Food Shi
22%
Cat Mao
11%
USA Meiguo
11%
I Wo
11%
No Bu
0%
Dog Gou
0%
Happy Kuaile
0%
Tree Mu
0%
What Shenme
0%
My name is Wojiao
0%
I like to walk to the park Wo xihuan qu gongyuan
0%
Goodbye Zaijian
0%
Land of Language Zhongguo
0%
Language Zhongwen
0%
No matching quizzes found
Score Distribution
Percent of People with Each Score
Percentile by Number Answered
Your Score History
You have not taken this quiz